La visión austríaca : (Record no. 110297)
[ view plain ]
| 000 -LEADER | |
|---|---|
| campo de control de longitud fija | 01460nam a2200301 i 4500 |
| 001 - NÚMERO DE CONTROL | |
| campo de control | 110297 |
| 003 - IDENTIFICADOR DE NÚMERO DE CONTROL | |
| campo de control | ES-MaACL |
| 005 - FECHA Y HORA DE LA ÚLTIMA TRANSACCIÓN | |
| campo de control | 20250529171949.0 |
| 007 - CAMPO FIJO DE DESCRIPCIÓN FÍSICA--INFORMACIÓN GENERAL | |
| campo de control de longitud fija | t| |
| 008 - DATOS DE LONGITUD FIJA--INFORMACIÓN GENERAL | |
| campo de control de longitud fija | 021122q1994 sp a r 00110dspa d |
| 080 ## - NÚMERO DE LA CLASIFICACIÓN DECIMAL UNIVERSAL | |
| Número de la Clasificación Decimal Universal | 7.036(436)(083.824) |
| 245 03 - MENCIÓN DEL TÍTULO | |
| Título | La visión austríaca : |
| Resto del título | tres generaciones de artistas = The Austrian vision : three generations of Austrian artists : [exposición] / |
| Mención de responsabilidad, etc. | comisario = curator, Lóránd Hegyi ; Christian Ludwig Attersee, Herbert Brandl, Günter Brus ... [et al.]. |
| 260 ## - PUBLICACIÓN, DISTRIBUCIÓN, ETC. | |
| Lugar de publicación, distribución, etc. | [Barcelona] : |
| Nombre del editor, distribuidor, etc. | Fundación "la Caixa" ; |
| Lugar de publicación, distribución, etc. | [Viena] : |
| Nombre del editor, distribuidor, etc. | Museum Moderner Kunst Stiftung Ludwig Wien, |
| Fecha de publicación, distribución, etc. | [1994?] |
| 300 ## - DESCRIPCIÓN FÍSICA | |
| Extensión | 165 p. : |
| Otras características físicas | il. col. ; |
| Dimensiones | 28 cm. |
| 546 ## - NOTA DE IDIOMA | |
| Nota de lengua/lenguaje | Texto en español e inglés. |
| 585 ## - NOTA DE EXPOSICIONES | |
| Nota de exposiciones | Exposición: 23 de noviembre 1994-22 de enero 1995, Sala de Exposiciones de la Fundación "la Caixa", Madrid ; 7 de febrero 1995-2 de abril 1995, Centre Cultural de la Fundación "la Caixa. |
| 650 #4 - PUNTO DE ACCESO ADICIONAL DE MATERIA--TÉRMINO DE MATERIA | |
| Término de materia o nombre geográfico como elemento de entrada | Arte austríaco- |
| Subdivisión de forma | Exposiciones. |
| 9 (RLIN) | 173920 |
| 655 #7 - TERMINO DE INDIZACIÓN--GENERO/FORMA | |
| Fuente del término | tgfbne |
| 9 (RLIN) | 193628 |
| Datos o término principal de género/forma | Catálogos de exposiciones |
| 700 1# - ENTRADA AGREGADA--NOMBRE PERSONAL | |
| Nombre de persona | Hegyi, Lóránd. |
| 9 (RLIN) | 173921 |
| 700 1# - ENTRADA AGREGADA--NOMBRE PERSONAL | |
| Nombre de persona | Attersee, Christian Ludwig, |
| Fechas asociadas al nombre | 1940- |
| 9 (RLIN) | 173922 |
| 700 1# - ENTRADA AGREGADA--NOMBRE PERSONAL | |
| Nombre de persona | Brandl, Herbert. |
| 9 (RLIN) | 173923 |
| 700 1# - ENTRADA AGREGADA--NOMBRE PERSONAL | |
| Nombre de persona | Brus, Günter ( |
| Fechas asociadas al nombre | 1938-) |
| 9 (RLIN) | 173924 |
| 710 2# - ENTRADA AGREGADA--NOMBRE DE ENTIDAD CORPORATIVA | |
| Nombre de entidad corporativa o nombre de jurisdicción como elemento de entrada | Fundació "la Caixa" |
| 9 (RLIN) | 173255 |
| 740 42 - ENTRADA AGREGADA--TÍTULO RELACIONADO/ANALÍTICO NO CONTROLADO | |
| Título relacionado o analítico no controlado | The Austrian vision. |
| 852 4# - LOCALIZACIÓN | |
| Ubicación | ES-MaACL |
| Número de control de estantería | A-14810 |
| itemnumber | 114469 |
| Sublocalización o colección | R.151940 |
| Ubicación en estantería | Depósito 1 |
| Signatura antigua | Olim: N-7810 |
| Donativo/Legado | Donación: Editorial |
| 942 ## - ELEMENTOS DE ENTRADA SECUNDARIOS (KOHA) | |
| Fuente del sistema de clasificación o colocación | Clasificación decimal universal |
| Estatus retirado | Estado de pérdida | Estado de daño | No para préstamo | Biblioteca de origen | Biblioteca actual | Ubicación en estantería | Fecha de adquisición | Fuente de adquisición | Total de préstamos | Signatura topográfica completa | Código de barras | Visto por última vez | Precio de reemplazo | Tipo de ítem Koha |
|---|---|---|---|---|---|---|---|---|---|---|---|---|---|---|
| Biblioteca del Ateneo de Madrid | Biblioteca del Ateneo de Madrid | Sala Pecera Depósito 2 | 22/12/2021 | N-7810 | 1202762 | 23/02/2023 | 23/02/2023 | Libro impreso |
